Kamil Stoch - quiz wielokrotnego wyboru - Statystyki

Ogólne statystyki
  • Ten quiz został rozwiązany 278 razy
    251 od ostatniego zresetowania
  • Średni wynik to 7 z 10
Statystyki odpowiedzi
Zagadnienie Odpowiedź % Poprawnych
W którym roku Kamil Stoch zdobył swoje pierwsze złoto olimpijskie? 2014
95%
Jakie tytuły zdobył Kamil Stoch podczas Zimowych Igrzysk Olimpijskich w Soczi 2014? Złote medale na skoczniach dużej i normalnej
88%
Z jakiej miejscowości pochodzi Kamil Stoch? Ząb
87%
Kamil Stoch w Turnieju Czterech Skoczni 2017/18 wygrał: Wszystkie cztery konkursy
83%
Którego z poniższych turniejów Kamil Stoch NIE wygrał? PolSKI Turniej
82%
Ile razy Kamil Stoch zdobył Kryształową Kulę za zwycięstwo w klasyfikacji generalnej Pucharu Świata? 2 razy
74%
Ile medali olimpijskich łącznie zdobył Kamil Stoch (indywidualnie i drużynowo)? 4
68%
Jaki klub sportowy założył Kamil Stoch? KS Eve-nement Zakopane
63%
W którym roku zadebiutował w Pucharze Świata? 2004
53%
W jakim wieku Kamil Stoch oddał swój pierwszy skok? 4 lat
28%
Nie znaleziono quizów pasujących do podanych kryteriów
Rozkład punktacji
Procent ludzi z każdym wynikiem
Percentyl według liczby udzielonych odpowiedzi
Twoja historia wyników
Nie rozwiązałeś tego quizu od ostatniego zresetowania